00346pab a2200121 454500008004000000100002200040245008000062260000900142300001100151362001000162650002500172773002700197180718b1988 xxu||||| |||| 00| 0 eng d aBurgess, Simon M. aWage rigidity and informationbRelativities and target rates of wage growth c1988 a523-34 aSept. aWage - Determination aOxford Economic Papers